000 00280nam a22001217a 4500
008 171009b xxu||||| |||| 00| 0 eng d
041 _aeng
080 _25TH
_a159.9
100 _a49
101 _aPSI
245 _aPSYCHOLOGY TODAY AN INTRODUCTION
_cBOOTZIN,R.R
942 _2udc
_cBK
999 _c32670
_d32670